うんち2 - Statistics

General Stats
  • This quiz has been taken 7 times
  • The average score is 13 of 15
Answer Stats
Hint Answer % Correct
ギリシア哲学もう一人の大物 アリストテレス
100%
ただし、完全な〇〇が存在するなら正義さえ必要ない 友愛
100%
イギリスの思想家 ベンサム
100%
〇〇の祖として名高い 功利主義
100%
人間の幸福とは、結局 快楽
100%
の増大と、〇〇の低減である 苦痛
100%
人間を正しい方向に導いてくれる4つの制裁 物理的制裁
100%
法律的制裁
100%
道徳的制裁
100%
正義 全体的正義
67%
部分的正義
67%
仕事や成績 配分的正義
67%
裁判や取引 調整的正義
67%
つまり、〇〇を目指すべきであり、従来の正義の基準は個人の好みに過ぎない 最大多数の最大幸福
67%
宗教的制裁
33%
No matching quizzes found
Score Distribution
Percent of People with Each Score
Percentile by Number Answered
Your Score History
You have not taken this quiz